000 00292cam a22001097a 4500
008 180718b-- xxu||||| |||| 00| 0 eng d
082 _aA45:T19 IDE
100 _aInstitute of Developing Economies
245 _aAnnual report
260 _aChiba
_bThe author
_c--
500 _aLibrary has 2005, 2011
999 _c501707
_d501707